Field-effect and bipolar power transistor physics /

Bibliographic Details
Main Author: Blicher, Adolph
Format: Book
Language:English
Published: New York : Academic Press, 1981.
Subjects:

MARC

Tag First Indicator Second Indicator Subfields
LEADER 00000pam a2200000 a 4500
001 in00000076806
005 20151008054938.0
008 810218s1981 nyua b 00110 eng
010 |a  80068565  
020 |a 0121058506 
035 |a (OCoLC)07278114 
035 |9 AAJ2130AM 
039 0 |a 2  |b 3  |c 3  |d 3  |e 3 
040 |a DLC  |c DLC  |d TXA  |d UtOrBLW 
049 |a TXAM  |c 1 [1361550], 2 [A10129146] 
050 0 0 |a TK7871.95  |b .B56 
082 0 |a 621.3815/28/0153  |2 19 
100 1 |a Blicher, Adolph. 
245 1 0 |a Field-effect and bipolar power transistor physics /  |c Adolph Blicher. 
264 1 |a New York :  |b Academic Press,  |c 1981. 
300 |a xxiii, 312 pages :  |b illustrations ;  |c 24 cm. 
336 |a text  |b txt  |2 rdacontent 
337 |a unmediated  |b n  |2 rdamedia 
338 |a volume  |b nc  |2 rdacarrier 
504 |a Includes bibliographical references and index. 
650 0 |a Field-effect transistors. 
650 0 |a Power transistors. 
650 0 |a Bipolar transistors. 
999 |a MARS 
999 f f |s f3791b92-0435-3164-bb8d-9e666c5ffb72  |i 36d5586e-ba8e-383a-b4b4-bfe4606f293f  |t 0 
952 f f |p ric  |a Texas A&M University  |b Rellis Campus  |c Joint Library Facility  |d Remote Storage  |t 0  |e TK7871.95 .B56  |h Library of Congress classification  |i unmediated -- volume  |m A14810129146 
998 f f |a TK7871.95 .B56  |t 0  |l Remote Storage